000 01190 a2200205 4500
001 27667
005 20260407155551.0
008 260407a1953 arg spa d
003 AR-UNSa-BCEJYS
040 _aAR-UNSa-BCEJYS
_bspa
_cAR-UNSa-BCEJYS
080 _a657
_xContabilidad
245 1 0 _aLa contabilidad en hojas movibles
250 _a2a. ed
264 1 _aBarcelona :
_bLabor
_c1953
300 _a186 p.
_c20 cm.
505 _aPARTE I: Generalidades: 1.De los diferentes sistemas de teneduría de libros - 2. Algunos puntos de historia - PARTE II: El mayor: 1. De la misión de las hojas movibles - 2. Estudio del material en uso - 3. Ventajas del mayor de hojas movibles - 4. Inconvenientes del mayor de hojas movibles - 5. Precauciones que se han de observar - PARTE III: El diario y los libros auxiliares: 1. Consideraciones generales - 2. El libro de ventas - 3. El libro de inventarios - PARTE IV: Otras aplicaciones de hojas movibles : 5. Los mayores en tarjetas - 6. La contabilidad por decalco - 7. Prescripciones legasles relativas a los libros de comercio - Apendice del traductor.
942 _cBK
590 _aniveau_biblio:m niveau_hierar:0
100 1 _aBatardon, Leon
999 _c1617
_d1617